| 000 | 00742nam a22002057a 4500 | ||
|---|---|---|---|
| 999 |
_c13217 _d13217 |
||
| 003 | AR-CdUCM | ||
| 008 | 190411b ||||| |||| 00| 0 spa d | ||
| 040 |
_aMUNICIPALIDAD PROVINCIAL DEL CUSCO _cBIBLIOTECA MUNICIPAL DEL CUSCO |
||
| 082 |
_a675 / _bL13 |
||
| 100 |
_aLabrousse, Jorge F. _931493 |
||
| 245 | _aMétodos tratamientos y aplicaciones de los cueros y pieles / | ||
| 260 |
_aLima : _bLa Voce D´Italia, |
||
| 300 |
_a16 paginas ; _c19 cm. |
||
| 505 | _aContenido :Extracción de cueros --Cueros salados frescos --Cueros salados secos --Cueros secos, dulces --Pieles de ovinos ... | ||
| 650 |
_aPieles _931494 |
||
| 650 |
_aCueros _931495 |
||
| 650 |
_aTratamientos _931496 |
||
| 942 |
_2ddc _cLIBROS |
||
| 945 |
_arjall _d2019-04-11 |
||